| 000 | 00472nam a2200205Ia 4500 | ||
|---|---|---|---|
| 008 | 170918s9999 xx 000 0 und d | ||
| 020 | _a9780531281000 | ||
| 050 | _bB473 2011 | ||
| 100 | _aBenoit, Peter | ||
| 245 | _aWetlands / | ||
| 245 | _cPeter Benoit. | ||
| 260 | _aNew York : | ||
| 260 | _bChildren's Press, | ||
| 260 | _c2011 | ||
| 300 | _a48 pages : | ||
| 300 | _bcolored illustration ; | ||
| 300 | _c21cm. | ||
| 440 | _aA true book. | ||
| 500 | _a800 | ||
| 999 |
_c342140 _d342140 |
||